000 00560nam a2200157 4500
001 138439
003 ES-MaACL
005 20230906195551.0
007 t|
008 070214s1917 sp r ||||1| spa d
100 1 _aSangro y Ros de Olano, Pedro,
_cMarqués de Guad-el-Jelú.
_9103144
245 1 3 _aLa sombra de Ferrer
_b: de la Semana Trágica a la guerra europea /
_cPedro Sangro y Ros de Olano.
260 _aMadrid :
_b[s. n.],
_c1917 (
_fSobrinos de la Sucesora de M. Minuesa de los Rios)
300 _a554 p. ;
_c26 x 17 cm.
852 _aES-MaACL
_jF-1310
999 _c138439
_d138439